000 00868nam a2200265 a 4500
001 61302
003 BD-RjUL
005 20211209080938.0
008 170117s1952 nz a 001 0beng d
035 _a(BD-RjUL)61426
040 _aBD-RjUL
_beng
_cBD-RjUL
041 _aeng
082 _223
_a370.92
_bROG 1952
100 1 _aRoth, Herbert Otto,
_d1917-
_9182830
245 1 0 _aGeorge Hogben :
_ba biography /
_cby Herbert Roth
260 _aWellington, N.Z :
_bNew Zealand Council for Educational Research,
_c1952
300 _a162 p :
_bill. ;
_c23 cm
490 1 _aEducational research series ;
_vno. 33
504 _aIncludes bibliography and index
600 1 0 _aHogben, George,
_d1853-1920
_9182834
650 0 _aEducators
_zNew Zealand
_xBiography
_9182832
830 0 _aEducational research series ;
_vno. 33
_9182835
942 _2ddc
_cBK
999 _c61302
_d61302